| 000 | 00633nam a2200193 a 4500 | ||
|---|---|---|---|
| 005 | 20140310183241.0 | ||
| 008 | 041110s19uu xx 00 eng d | ||
| 020 | _a9715551963 | ||
| 050 |
_aPN 1993.5.P5 _b.D37 1998 |
||
| 100 | _aDel Mundo, Clodualdo | ||
| 245 |
_aNative resistance : _bPhilippine cinema and colonialism 1898 - 1941 / |
||
| 260 |
_aMalate, Maynila, Filipinas : _bDe La Salle University Press, _c1998. |
||
| 300 |
_a173 p. : _bill. ; _c25 cm. |
||
| 650 | _aPolitics in motion picture. | ||
| 650 |
_aMotion pictures _xPolitical aspects _xPhilippines. |
||
| 942 |
_cBK _2lcc _kFLIR |
||
| 999 |
_c20605 _d20605 |
||